Souvenirs de la princesse Pauline de Metternich (Record no. 187329)
[ view plain ]
| 000 -LEADER | |
|---|---|
| campo de control de longitud fija | 01013nam a2200229 i 4500 |
| 001 - NÚMERO DE CONTROL | |
| campo de control | 187329 |
| 003 - IDENTIFICADOR DE NÚMERO DE CONTROL | |
| campo de control | ES-MaACL |
| 005 - FECHA Y HORA DE LA ÚLTIMA TRANSACCIÓN | |
| campo de control | 20230906222901.0 |
| 008 - DATOS DE LONGITUD FIJA--INFORMACIÓN GENERAL | |
| campo de control de longitud fija | 170602s1922 fr cf |||| |afre d |
| 080 ## - NÚMERO DE LA CLASIFICACIÓN DECIMAL UNIVERSAL | |
| Número de la Clasificación Decimal Universal | 929 Meternich, Pauline de |
| 100 1# - ENTRADA PRINCIPAL--NOMBRE DE PERSONA | |
| Nombre de persona | Metternich, Pauline Walpurgis Sandór de Slauniza |
| Títulos y otros términos asociados al nombre | Princesse de. |
| 9 (RLIN) | 162943 |
| 245 10 - MENCIÓN DEL TÍTULO | |
| Título | Souvenirs de la princesse Pauline de Metternich |
| Resto del título | : [1859-1871] / |
| Mención de responsabilidad, etc. | [Pauline de Meternich ; préface et notes de Marcel Duran]. |
| 260 ## - PUBLICACIÓN, DISTRIBUCIÓN, ETC. | |
| Lugar de publicación, distribución, etc. | [Paris : |
| Nombre del editor, distribuidor, etc. | Librairie Plon, |
| Fecha de publicación, distribución, etc. | 1922] |
| 300 ## - DESCRIPCIÓN FÍSICA | |
| Extensión | XXVIII, 250 p., [1] h. de lám. retr. ; |
| Dimensiones | 17 cm. |
| 594 ## - Nota al título y mención de responsabilidad | |
| Nota al título y mención de responsabilidad | Tít. tomado de p. 1. |
| 594 ## - Nota al título y mención de responsabilidad | |
| Nota al título y mención de responsabilidad | Resto de descripción tomada del catálogo Rebiun. |
| 597 ## - NOTA DE DESCRIPCIÓN FÍSICA | |
| NOTA DE DESCRIPCIÓN FÍSICA | Ejemp. falto de port. |
| 600 14 - PUNTO DE ACCESO ADICIONAL DE MATERIA--NOMBRE DE PERSONA | |
| Nombre de persona | Metternich, Pauline Walpurgis Sandór de Slauniza |
| Títulos y otros términos asociados al nombre | Princesse de. |
| 9 (RLIN) | 162943 |
| 651 #4 - PUNTO DE ACCESO ADICIONAL DE MATERIA--NOMBRE GEOGRÁFICO | |
| Nombre geográfico | Francia- |
| Subdivisión general | Historia- |
| Subdivisión cronológica | 1848-1870. |
| 9 (RLIN) | 141388 |
| 700 1# - ENTRADA AGREGADA--NOMBRE PERSONAL | |
| Nombre de persona | Dunan, Marcel. |
| 9 (RLIN) | 46021 |
| 852 ## - LOCALIZACIÓN | |
| Ubicación | ES-MaACL |
| Número de control de estantería | L-31682 |
| Nota libre | - Enc. tela. |
| -- | . - Donat. herederos de la bibl. de Mª del Pilar Costa Palacín |
| Estatus retirado | Estado de pérdida | Estado de daño | No para préstamo | Biblioteca de origen | Biblioteca actual | Ubicación en estantería | Fecha de adquisición | Fuente de adquisición | Total de préstamos | Signatura topográfica completa | Código de barras | Visto por última vez | Precio de reemplazo | Tipo de ítem Koha |
|---|---|---|---|---|---|---|---|---|---|---|---|---|---|---|
| Biblioteca del Ateneo de Madrid | Biblioteca del Ateneo de Madrid | Depósito 2 | 02/06/2017 | L-31682 | 1197695 | 23/02/2023 | 23/02/2023 | Libro impreso |
